000 00398pam a2200157 a 4500
020 _a0-07-024959-8
_c
040 _aSVUL_517502
041 _aeng
082 _a537
_bGRO
100 _aGrob, Bernard
245 _aDirect and Alternating Current Circuits
_bAdapted from Basic Electronics
_hPaper
250 _a5th ed
260 _aNew York
_bMcGraw-Hill
_c1986
300 _aix,609p.
930 _a9502
999 _c86407
_d86407